[Event "Druzynowe Mistrzostwa Polski Juniorow - I Liga 2023"]
[Site "Lublin"]
[Date "1899-12-30"]
[Round "5.12"]
[White "Klintsevich, Aliaksandra"]
[Black "Nowak, Emilia"]
[Result "1-0"]
[WhiteTitle "I"]
[BlackTitle "I"]
[WhiteElo "1437"]
[BlackElo "1307"]

1. d4 d5 2. c4 e6 3. Nf3 c5 4. Nc3 Nc6 5. e3 Nf6 6. a3 Bd6 7. dxc5 Bxc5 8. b4 Bb6
9. c5 Bc7 10. Nb5 Bb8 11. Bb2 O-O 12. Be2 a5 13. Qb3 axb4 14. axb4 Rxa1+ 15. Bxa1
Ne8 16. O-O b6 17. Nbd4 Nxd4 18. Bxd4 bxc5 19. bxc5 Bd7 20. Ra1 Nc7 21. Qb6 Nb5
22. Qxd8 Rxd8 23. Be5 Bxe5 24. Nxe5 Be8 25. c6 Nc3 26. Bd3 f6 27. Nf3 Rc8 28.
Nd4 e5 29. Bf5 Rc7 30. Ne6 Re7 31. c7 1-0

[Event "Druzynowe Mistrzostwa Polski Juniorow - I Liga 2023"]
[Site "Lublin"]
[Date "1899-12-30"]
[Round "5.13"]
[White "Wydmanski, Szymon"]
[Black "Gradalski, Olaf"]
[Result "1/2-1/2"]
[WhiteTitle "I"]
[BlackTitle "k"]
[WhiteElo "1804"]
[BlackElo "2061"]

1. c4 e6 2. Nf3 d5 3. e3 c5 4. cxd5 exd5 5. d4 Nc6 6. b3 Nf6 7. dxc5 Bxc5 8. Bb2
Bg4 9. Nbd2 Bb4 10. Be2 Bxf3 11. gxf3 d4 12. a3 Be7 13. Nf1 Qc7 14. Qc2 dxe3 15.
Nxe3 O-O-O 16. b4 a6 17. Rc1 Kb8 18. Bxa6 Qb6 19. Be2 Nd5 20. Nc4 Qa7 21. O-O
Bf6 22. b5 Nd4 23. b6 Nxb6 24. Bxd4 Bxd4 25. Nxb6 Qxb6 26. Rb1 Qg6+ 27. Qxg6 hxg6
28. Rfd1 Rd6 29. Rb5 Re8 30. Bd3 Red8 31. Rdb1 b6 32. a4 Kc7 33. a5 Ra8 1/2-1/2

[Event "Druzynowe Mistrzostwa Polski Juniorow - I Liga 2023"]
[Site "Lublin"]
[Date "1899-12-30"]
[Round "5.14"]
[White "Sputowski, Jakub"]
[Black "Krupinski, Mikolaj"]
[Result "1/2-1/2"]
[WhiteTitle "I"]
[BlackTitle "I"]
[WhiteElo "1780"]
[BlackElo "1745"]

1. e4 d6 2. d4 Nf6 3. Nc3 e5 4. Nf3 Nbd7 5. Bc4 Be7 6. O-O O-O 7. dxe5 Nxe5 8.
Nxe5 dxe5 9. h3 Qxd1 10. Rxd1 Be6 11. Bb3 Bb4 12. Nd5 Bxd5 13. exd5 Ne4 14. Be3
Bc5 15. Re1 Rfe8 16. Bxc5 Nxc5 17. Bc4 a6 18. a4 b6 19. Ra3 Kf8 20. b4 Nb7 21.
Rae3 f6 22. f4 Nd6 23. Bd3 exf4 24. Rxe8+ Nxe8 25. Bxh7 a5 26. Bg6 Nd6 27. b5
Rd8 28. Kf2 Nc4 29. Rd1 Ne3 30. Rd4 Rxd5 31. Rxf4 Nd1+ 32. Kf3 Ke7 33. Rc4 1/2-1/2

[Event "Druzynowe Mistrzostwa Polski Juniorow - I Liga 2023"]
[Site "Lublin"]
[Date "1899-12-30"]
[Round "5.15"]
[White "Kania, Franciszek"]
[Black "Liskiewicz, Jakub"]
[Result "0-1"]
[WhiteTitle "I"]
[BlackTitle "I++"]
[WhiteElo "1831"]
[BlackElo "1970"]

1. c4 e6 2. Nf3 Nf6 3. Nc3 Bb4 4. g4 d6 5. Rg1 Nc6 6. Qc2 b6 7. g5 Bxc3 8. dxc3
Nd7 9. Nd4 Nxd4 10. cxd4 Bb7 11. Bd2 Qe7 12. O-O-O O-O-O 13. h4 Kb8 14. Bg2 Bxg2
15. Rxg2 e5 16. Bc3 Qe6 17. b3 Qh3 18. Rg3 Qxh4 19. a4 Qh5 20. a5 exd4 21. Bxd4
Rhe8 22. e3 Nc5 23. f4 Ne4 24. Rgg1 Qg6 25. Rdf1 d5 26. cxd5 Rxd5 27. a6 Qd6 28.
Rd1 Ra5 29. Kb1 Qa3 30. Be5 Nc5 31. Rd3 Rxa6 32. Bb2 Qa2+ 33. Kc1 Nxd3+ 34. Qxd3
Ra5 35. b4 Rd5 36. Bd4 Qa1+ 37. Bxa1 Rxd3 38. Bd4 Rexe3 39. Bxe3 Rxe3 40. Rh1
Re4 41. f5 Rg4 42. Rxh7 Rxg5 0-1

[Event "Druzynowe Mistrzostwa Polski Juniorow - I Liga 2023"]
[Site "Lublin"]
[Date "1899-12-30"]
[Round "5.16"]
[White "Przybylski, Jan"]
[Black "Gruca, Karol"]
[Result "1-0"]
[WhiteTitle "I+"]
[BlackTitle "II+"]
[WhiteElo "1767"]
[BlackElo "1484"]

1. e4 d6 2. d4 Nf6 3. Nc3 e5 4. Nf3 Nbd7 5. Bc4 Be7 6. h3 O-O 7. Be3 c6 8. a4 Qc7
9. O-O h6 10. Bb3 Re8 11. d5 Nf8 12. a5 Bd7 13. Qe2 c5 14. Nd2 Ng6 15. Ba4 Bxa4
16. Rxa4 a6 17. g3 Nd7 18. Kh2 Kh7 19. h4 Qc8 20. Nc4 Rg8 21. Ra3 Ngf8 22. Na4
Qe8 23. Bd2 Rc8 24. Kg2 Rc7 25. f4 f6 26. f5 Qf7 27. h5 Nb8 28. Nc3 Nfd7 29. Nd1
Qf8 30. Nf2 Bd8 31. Ng4 b5 32. axb6 Rb7 33. b3 Nxb6 34. Nge3 Nxc4 35. Nxc4 Bc7
36. Qg4 Qf7 37. Rfa1 Rb5 38. Ba5 Rc8 39. Qg6+ Qxg6 40. fxg6+ Kg8 41. Bxc7 Rxc7
42. Nxd6 Rb4 43. Nc4 1-0

[Event "Druzynowe Mistrzostwa Polski Juniorow - I Liga 2023"]
[Site "Lublin"]
[Date "1899-12-30"]
[Round "5.17"]
[White "Bar, Klaudia"]
[Black "Mroz, Lena"]
[Result "0-1"]
[WhiteTitle "I++"]
[BlackTitle "I++"]
[WhiteElo "1840"]
[BlackElo "1691"]

1. c4 e6 2. Nf3 Nf6 3. Nc3 d5 4. e3 Be7 5. b3 O-O 6. Bb2 b6 7. Be2 Bb7 8. O-O Nbd7
9. d4 Rc8 10. Rc1 dxc4 11. bxc4 Ne4 12. Nxe4 Bxe4 13. Bd3 Nf6 14. Bxe4 Nxe4 15.
Nd2 Nxd2 16. Qxd2 c5 17. Qe2 Bf6 18. Ba3 Be7 19. Bb2 cxd4 20. exd4 Bg5 21. f4
Bf6 22. Qe4 Qd7 23. a3 Rfd8 24. Rfd1 Qa4 25. Qc2 Qc6 26. Rd3 Qe4 27. Qd2 Rd7 28.
g3 h6 29. Kf2 Rdc7 30. Re3 Qb7 31. Rec3 Rd7 32. Rd3 Qe4 33. Re1 Qc6 34. Rc1 Rcd8
35. Ke3 Qc7 36. Rc2 e5 37. Rc1 exd4+ 38. Kf2 Qc6 39. Qb4 Qe4 40. Rcd1 Re7 41.
Qd2 Red7 42. Qb4 Be7 43. Qe1 Qc6 44. Rc1 Bc5 45. Qd2 Re8 46. Re1 Re3 47. Qd1 Qe4
48. Rb3 Re7 49. Rexe3 dxe3+ 50. Ke1 Qh1+ 51. Ke2 Qg2+ 0-1

[Event "Druzynowe Mistrzostwa Polski Juniorow - I Liga 2023"]
[Site "Lublin"]
[Date "1899-12-30"]
[Round "5.18"]
[White "Lajdamik, Kinga"]
[Black "Branka, Julia"]
[Result "1/2-1/2"]
[WhiteTitle "I++"]
[BlackTitle "I"]
[WhiteElo "1440"]
[BlackElo "1433"]

1. e4 d6 2. d4 Nf6 3. Nc3 e5 4. d5 Be7 5. h3 Nbd7 6. Be3 O-O 7. g4 c6 8. g5 Ne8
9. Nf3 Nc7 10. Be2 f5 11. exf5 Rxf5 12. Bd3 Rf8 13. Be4 Nb6 14. Bxb6 axb6 15.
dxc6 bxc6 16. Bxc6 Ra5 17. Nd5 Rc5 18. Nxc7 Qxc7 19. Bd5+ Kh8 20. c4 Bb7 21. Rg1
b5 22. b3 bxc4 23. bxc4 Qa5+ 24. Nd2 Bxd5 25. cxd5 Rxd5 26. a4 Rxf2 27. Kxf2 Rxd2+
28. Qe2 Qc5+ 29. Kf1 Rxe2 30. Kxe2 d5 31. Rgc1 Qb4 32. Rc8+ Bf8 33. Rf1 Qe4+ 34.
Kd2 h6 35. g6 Qg2+ 36. Ke1 Qg3+ 37. Ke2 Qg2+ 38. Ke1 1/2-1/2

[Event "Druzynowe Mistrzostwa Polski Juniorow - I Liga 2023"]
[Site "Lublin"]
[Date "1899-12-30"]
[Round "5.19"]
[White "Sidorczuk, Pawel"]
[Black "Dziendziel, Mateusz"]
[Result "1-0"]
[WhiteTitle "I+"]
[BlackTitle "I++"]
[WhiteElo "2013"]
[BlackElo "2091"]

1. e4 c5 2. Nf3 d6 3. d4 cxd4 4. Nxd4 Nf6 5. Nc3 Nc6 6. Bg5 e6 7. Qd2 a6 8. O-O-O
Bd7 9. f3 Nxd4 10. Qxd4 Be7 11. h4 Qc7 12. Kb1 O-O 13. g4 b5 14. Qd2 b4 15. Ne2
Rfc8 16. Nd4 a5 17. Bd3 a4 18. b3 Qa5 19. Rh2 Rc3 20. Rc1 Bd8 21. Rg2 Bb6 22.
Bxf6 gxf6 23. Bc4 Qe5 24. Nf5 axb3 25. Qh6 bxa2+ 26. Bxa2 1-0

[Event "Druzynowe Mistrzostwa Polski Juniorow - I Liga 2023"]
[Site "Lublin"]
[Date "1899-12-30"]
[Round "5.20"]
[White "Herwy, Jakub"]
[Black "Smetek, Michal"]
[Result "0-1"]
[WhiteTitle "I++"]
[BlackTitle "I++"]
[WhiteElo "1826"]
[BlackElo "1956"]

1. e4 c6 2. Nc3 d5 3. Nf3 Bg4 4. h3 Bxf3 5. Qxf3 e6 6. Be2 Nf6 7. O-O Be7 8. d4
O-O 9. Rd1 a5 10. a3 Nbd7 11. Bf4 b5 12. exd5 exd5 13. Bd3 Re8 14. Ne2 Nf8 15.
Ng3 Ne6 16. Be5 Nd7 17. Nf5 Nxe5 18. dxe5 Bf8 19. Re1 g6 20. Ne3 h5 21. Qg3 Bh6
22. Rad1 Bf4 23. Qf3 Qg5 24. Nf1 Nd4 0-1

[Event "Druzynowe Mistrzostwa Polski Juniorow - I Liga 2023"]
[Site "Lublin"]
[Date "1899-12-30"]
[Round "5.21"]
[White "Ladon, Tymoteusz"]
[Black "Baran, Szymon"]
[Result "0-1"]
[WhiteTitle "II"]
[BlackTitle "II+"]
[WhiteElo "1336"]
[BlackElo "1343"]

1. e4 c5 2. Nf3 e6 3. d4 cxd4 4. Nxd4 Nc6 5. Nc3 Qc7 6. Qd3 a6 7. Nxc6 dxc6 8.
Bg5 Be7 9. Bxe7 Nxe7 10. Qg3 Qxg3 11. hxg3 Bd7 12. O-O-O c5 13. Be2 Bc6 14. f4
b5 15. Bf3 b4 16. Ne2 f5 17. e5 Bxf3 18. gxf3 Nd5 19. g4 g6 20. Rd3 Ke7 21. c4
bxc3 22. bxc3 Rad8 23. Kd2 h5 24. gxh5 Rxh5 25. Rg1 Rh2 26. Ke1 Rxe2+ 27. Kxe2
Nxf4+ 28. Ke3 Nxd3 29. f4 Kf7 30. Rd1 c4 31. Rb1 Nc5 0-1

[Event "Druzynowe Mistrzostwa Polski Juniorow - I Liga 2023"]
[Site "Lublin"]
[Date "1899-12-30"]
[Round "5.22"]
[White "Figa, Karolina"]
[Black "Iwan, Patryk"]
[Result "1/2-1/2"]
[WhiteTitle "I++"]
[BlackTitle "II"]
[WhiteElo "1391"]
[BlackElo "1247"]

1. d4 d5 2. c4 c6 3. Nf3 Nf6 4. Nc3 e6 5. e3 Nbd7 6. Be2 Bd6 7. O-O O-O 8. c5 Bc7
9. b4 e5 10. b5 e4 11. Nd2 Ba5 12. Bb2 Bxc3 13. Bxc3 cxb5 14. Bxb5 Nb8 15. f3
exf3 16. Nxf3 Ne4 17. Bb2 Bd7 18. Bd3 Bg4 19. Qc2 Bxf3 20. gxf3 Nf6 21. e4 Nc6
22. e5 Nb4 23. Qd2 Nxd3 24. Qxd3 Nh5 25. f4 Qh4 26. Qf3 g6 27. Kh1 Rad8 28. Rf2
Ng7 29. Rg1 Nf5 30. Rfg2 Qe7 31. Rg5 Kh8 32. Bc3 Qe6 33. Qd3 Rg8 34. Be1 Rg7 35.
Ba5 b6 36. cxb6 axb6 37. Be1 Qc6 38. Qxf5 gxf5 39. Rxg7 Qh6 40. R7g5 Qh3 41. R5g3
Qh5 42. Bb4 Qh4 43. h3 Rc8 44. e6 f6 45. e7 Qh5 1/2-1/2

[Event "Druzynowe Mistrzostwa Polski Juniorow - I Liga 2023"]
[Site "Lublin"]
[Date "1899-12-30"]
[Round "5.23"]
[White "Pastuszko, Katarzyna"]
[Black "Obrochta, Lena"]
[Result "1/2-1/2"]
[WhiteTitle "I++"]
[BlackTitle "I++"]
[WhiteElo "1312"]
[BlackElo "1639"]

1. e4 c5 2. Nf3 e6 3. d4 cxd4 4. Nxd4 a6 5. Nc3 Qc7 6. Bd3 Nf6 7. O-O Bc5 8. Nb3
Be7 9. Be3 d6 10. f4 Nbd7 11. Qf3 O-O 12. Rad1 b5 13. a3 Bb7 14. Qh3 e5 15. Nd5
Nxd5 16. exd5 g6 17. f5 Bxd5 18. fxg6 fxg6 19. Rxf8+ Rxf8 20. Bxg6 hxg6 21. Rxd5
Qc4 22. Qe6+ Rf7 23. Qxg6+ Rg7 24. Qe6+ Kh8 25. Bh6 Rh7 26. Nd2 Qc6 27. Ne4 Qxc2
28. Nxd6 Bxd6 29. Rxd6 Qb1+ 30. Kf2 Qc2+ 31. Rd2 Qc5+ 32. Be3 Qf8+ 33. Kg1 Rf7
34. Qh3+ Kg8 35. Qg4+ Kh8 36. Qh3+ Kg8 37. Qg4+ 1/2-1/2

[Event "Druzynowe Mistrzostwa Polski Juniorow - I Liga 2023"]
[Site "Lublin"]
[Date "1899-12-30"]
[Round "5.24"]
[White "Strzoda, Natalia"]
[Black "Malicka, Magdalena"]
[Result "1/2-1/2"]
[WhiteTitle "I"]
[BlackTitle "I++"]
[WhiteElo "1294"]
[BlackElo "1260"]

1. e4 e5 2. Bc4 Nf6 3. d3 Nc6 4. Nc3 Bb4 5. Bg5 h6 6. Bxf6 Qxf6 7. Nge2 d6 8. O-O
Ne7 9. f4 O-O 10. fxe5 Qxe5 11. d4 Qg5 12. Nf4 c6 13. Qf3 Bxc3 14. bxc3 Bg4 15.
Qg3 d5 16. Bd3 dxe4 17. Bxe4 Bf5 18. Qxg5 hxg5 19. Bxf5 Nxf5 20. Nd3 Ne3 21. Rf2
Rfe8 22. Rb1 b6 23. Ne5 Re7 24. Re1 Nd5 25. c4 Nf4 26. Kf1 Rae8 27. g3 Ng6 28.
Rfe2 Nxe5 29. Rxe5 Rxe5 30. Rxe5 Rxe5 31. dxe5 f6 32. exf6 gxf6 33. Ke2 f5 34.
Kf3 Kf7 35. h4 Kg6 36. a3 Kh5 37. c3 c5 38. hxg5 Kxg5 39. Kf2 Kg4 40. Kg2 a6 41.
a4 f4 42. gxf4 Kxf4 43. Kf2 Ke4 44. Ke2 1/2-1/2

[Event "Druzynowe Mistrzostwa Polski Juniorow - I Liga 2023"]
[Site "Lublin"]
[Date "1899-12-30"]
[Round "5.25"]
[White "Pisarek, Jan"]
[Black "Kaliszuk, Kamil"]
[Result "0-1"]
[WhiteTitle "I"]
[BlackTitle "k"]
[WhiteElo "1956"]
[BlackElo "2249"]

1. e4 e5 2. Nf3 Nc6 3. Bc4 Nf6 4. d3 Bc5 5. c3 d6 6. h3 a6 7. a4 Ba7 8. Nbd2 h6
9. b4 g5 10. Nf1 Bd7 11. a5 Qe7 12. Be3 Nh5 13. Bxa7 Nxa7 14. Ne3 c6 15. Nh4 Ng7
16. Nf3 f5 17. g4 f4 18. Nf5 Bxf5 19. gxf5 O-O-O 20. Qc2 d5 21. Bb3 Nb5 22. O-O-O
d4 23. c4 Nc3 24. c5 Nxd1 25. Qxd1 Qf6 26. Rg1 Nxf5 27. exf5 Qxf5 28. Rh1 Rhe8
29. Bc2 Qe6 30. Kb2 e4 31. Bb3 Qf6 32. dxe4 Rxe4 33. Qd3 Rde8 34. Rd1 Re2+ 35.
Rd2 Rxd2+ 36. Nxd2 Qe5 37. Bc2 Qe2 38. Ne4 Qxd3 39. Bxd3 Rg8 40. Kb3 g4 41. hxg4
Rxg4 42. Nd6+ Kb8 43. Nf5 Rg2 44. f3 Rf2 45. Nxd4 h5 46. Ne6 Rxf3 47. Kc4 h4 48.
Be4 Re3 49. Ng5 h3 50. Bh1 Re1 51. Bf3 h2 0-1

[Event "Druzynowe Mistrzostwa Polski Juniorow - I Liga 2023"]
[Site "Lublin"]
[Date "1899-12-30"]
[Round "5.26"]
[White "Wandor, Adam"]
[Black "Duda, Leon"]
[Result "1/2-1/2"]
[WhiteTitle "II+"]
[BlackTitle "I"]
[WhiteElo "1652"]
[BlackElo "1555"]

1. e4 c5 2. Nf3 Nc6 3. d4 cxd4 4. Nxd4 e5 5. Nb5 a6 6. Nd6+ Bxd6 7. Qxd6 Qe7 8.
Qd1 Nf6 9. Nc3 d6 10. Be2 Be6 11. Be3 O-O 12. O-O Rac8 13. f4 exf4 14. Bxf4 d5
15. exd5 Qc5+ 16. Kh1 Bxd5 17. Qe1 Rfe8 18. Qg3 Ne4 19. Nxe4 Bxe4 20. c3 Ne5 21.
Be3 Qc6 22. h4 Qg6 23. Bf4 Qxg3 24. Bxg3 Nc4 25. Bxc4 Rxc4 26. Rad1 Bc6 27. Rfe1
Rxe1+ 28. Rxe1 Re4 29. Rxe4 Bxe4 30. Kg1 f5 1/2-1/2

[Event "Druzynowe Mistrzostwa Polski Juniorow - I Liga 2023"]
[Site "Lublin"]
[Date "1899-12-30"]
[Round "5.27"]
[White "Niesyt, Michal"]
[Black "Witczak, Borys"]
[Result "1/2-1/2"]
[WhiteTitle "I"]
[BlackTitle "I"]
[WhiteElo "1564"]
[BlackElo "1856"]

1. e4 c5 2. Nf3 d6 3. d4 cxd4 4. Nxd4 Nf6 5. Nc3 a6 6. g3 e5 7. Nde2 Be7 8. Bg2
O-O 9. O-O b5 10. a3 Bb7 11. Be3 Nbd7 12. Nd5 Nxd5 13. exd5 Bg5 14. f4 exf4 15.
Bxf4 Bxf4 16. Nxf4 Ne5 17. Qd4 Rc8 18. c3 Rc4 19. Qd2 Qg5 20. Rad1 Bc8 21. Nd3
Qxd2 22. Rxd2 Nxd3 23. Rxd3 Re8 24. Kf2 Bf5 25. Re3 Rxe3 26. Kxe3 Bc2 27. Rf4
Rc8 28. Rf2 Bb3 29. Re2 Bc4 30. Re1 Re8+ 31. Kd2 Rxe1 32. Kxe1 a5 33. Bf1 Bxd5
34. Bxb5 Kf8 35. Kd2 Ke7 36. b4 axb4 37. cxb4 g5 38. a4 f5 39. Ke3 Ba8 40. a5
Ke6 41. Kd4 f4 42. gxf4 gxf4 43. Bd3 h6 44. Be4 d5 45. Bf3 Kd6 46. b5 Kc7 47.
Ke5 Kd7 48. h4 Kc7 49. h5 Kd7 50. Kxf4 Kd6 51. Kf5 Kc5 52. Be2 d4 53. Kg6 Be4+
54. Kxh6 d3 55. Bd1 Kxb5 56. Kg7 Kxa5 57. h6 d2 58. h7 Bxh7 59. Kxh7 1/2-1/2

[Event "Druzynowe Mistrzostwa Polski Juniorow - I Liga 2023"]
[Site "Lublin"]
[Date "1899-12-30"]
[Round "5.28"]
[White "Rajbharath, Harjith"]
[Black "Markowski, Tymon"]
[Result "1-0"]
[WhiteTitle "II"]
[BlackTitle "II"]
[WhiteElo "1449"]
[BlackElo "1329"]

1. d4 e6 2. Nf3 Nf6 3. c4 b6 4. Nc3 Bb7 5. e3 Bb4 6. Bd2 O-O 7. Bd3 d5 8. cxd5
Nxd5 9. Nxd5 Bxd2+ 10. Qxd2 Bxd5 11. e4 Bb7 12. O-O Nd7 13. Rfe1 c5 14. Bb5 Rc8
15. Rac1 Nf6 16. dxc5 Nxe4 17. Qxd8 Rfxd8 18. c6 Bxc6 19. Rxc6 Rxc6 20. Bxc6 Nd2
21. Rd1 Nxf3+ 22. Bxf3 Rxd1+ 23. Bxd1 Kf8 24. f4 Ke7 25. Kf2 Kd6 26. Ke3 e5 27.
fxe5+ Kxe5 28. Bf3 f5 29. h4 h6 30. h5 f4+ 31. Kd3 Kf6 32. Ke4 1-0

[Event "Druzynowe Mistrzostwa Polski Juniorow - I Liga 2023"]
[Site "Lublin"]
[Date "1899-12-30"]
[Round "5.29"]
[White "Bialek, Alicja"]
[Black "Biliak, Viktoria"]
[Result "1-0"]
[WhiteTitle "I"]
[BlackTitle "II"]
[WhiteElo "1503"]
[BlackElo "1612"]

1. e4 c6 2. d4 d5 3. exd5 cxd5 4. Nf3 Bg4 5. h3 Bh5 6. g4 Bg6 7. Bb5+ Nc6 8. Ne5
Qb6 9. c4 e6 10. Qa4 Nge7 11. Nc3 a6 1-0

[Event "Druzynowe Mistrzostwa Polski Juniorow - I Liga 2023"]
[Site "Lublin"]
[Date "1899-12-30"]
[Round "5.30"]
[White "Kaminska, Zuzanna"]
[Black "Gajda, Anna"]
[Result "1-0"]
[WhiteTitle "I"]
[BlackTitle "I"]
[WhiteElo "1312"]
[BlackElo "1243"]

1. e4 c5 2. Nf3 e6 3. d4 cxd4 4. Nxd4 Nf6 5. Nc3 Nc6 6. Ndb5 d6 7. Bg5 a6 8. Bxf6
gxf6 9. Nd4 Bg7 10. Nde2 e5 11. Qd2 f5 12. O-O-O O-O 13. Ng3 Nd4 14. Nh5 fxe4
15. Nxg7 Kxg7 16. Nxe4 Bf5 17. Bd3 a5 18. c3 Bxe4 19. cxd4 Rc8+ 20. Kb1 Bg6 21.
h4 e4 22. h5 exd3 23. hxg6 hxg6 24. Qh6+ Kf6 25. Rxd3 Ke6 26. Qh3+ Kd5 27. Qf3+
Ke6 28. Qxb7 Rc7 29. Qb5 Kf6 30. g4 Qa8 31. g5+ Kg7 32. Rdh3 Qe4+ 33. Ka1 Rfc8
34. Rh7+ Kf8 35. a3 Rc1+ 36. Rxc1 Rxc1+ 37. Ka2 Qe6+ 38. d5 Qf5 39. Qb8+ Ke7 40.
Qb7+ Qd7 41. Rxf7+ 1-0

[Event "Druzynowe Mistrzostwa Polski Juniorow - I Liga 2023"]
[Site "Lublin"]
[Date "1899-12-30"]
[Round "5.31"]
[White "Kazmierowski, Tymon"]
[Black "Malinowski, Szymon"]
[Result "1-0"]
[WhiteTitle "I++"]
[BlackTitle "I++"]
[WhiteElo "1979"]
[BlackElo "1951"]

1. e4 Nf6 2. e5 Nd5 3. d4 d6 4. c4 Nb6 5. exd6 exd6 6. Nf3 Bg4 7. Be2 Be7 8. O-O
O-O 9. b3 Bf6 10. Bb2 c5 11. Nbd2 Re8 12. Bd3 Nc6 13. Qc2 h6 14. a3 cxd4 15. h3
Bxf3 16. Nxf3 d5 17. c5 Nd7 18. b4 Nde5 19. Nxe5 Bxe5 20. Rfd1 Qh4 21. Bb5 Re6
22. Rd3 Rae8 23. Rad1 Bc7 24. Qc1 Bf4 25. Qb1 Rg6 26. Bxc6 Re2 27. Bxd4 bxc6 28.
Re1 Rd2 29. Rxd2 Bxd2 30. Re8+ Kh7 31. Qd3 Qg5 32. g3 Bc1 33. h4 Qg4 34. b5 cxb5
35. c6 Bf4 36. Be5 Bxe5 37. Rxe5 Qc4 38. Qf5 Qc1+ 39. Kh2 h5 40. Qxh5+ Qh6 41.
Qf5 f6 42. Re8 1-0

[Event "Druzynowe Mistrzostwa Polski Juniorow - I Liga 2023"]
[Site "Lublin"]
[Date "1899-12-30"]
[Round "5.32"]
[White "Trzebinski, Patryk"]
[Black "Rylski, Tadeusz"]
[Result "1-0"]
[WhiteTitle "I++"]
[BlackTitle "I+"]
[WhiteElo "1934"]
[BlackElo "1757"]

1. e4 e5 2. Nf3 Nc6 3. Bb5 a6 4. Bxc6 dxc6 5. O-O Bg4 6. h3 Bxf3 7. Qxf3 Nf6 8.
Qg3 Nxe4 9. Qxe5+ Qe7 10. Qf4 Nc5 11. d4 Ne6 12. Qe4 O-O-O 13. c3 g5 14. f4 gxf4
15. Bxf4 h5 16. Be5 Rh6 17. Qf5 Rd7 18. Nd2 Qg5 19. Qxg5 Nxg5 20. Bf4 Rg6 21.
Bxg5 Rxg5 22. Ne4 Rg6 23. Nf6 Re7 24. Nxh5 Bh6 25. Rae1 Rxe1 26. Rxe1 Kd7 27.
Kf2 Bg5 28. Kf3 Re6 29. Rxe6 Kxe6 30. Nf4+ Kf6 31. g4 Bh6 32. h4 Bf8 33. Ke4 Bd6
34. g5+ Kg7 35. h5 Be7 36. Kf5 a5 37. Nd3 b6 38. h6+ Kh7 39. Ne5 f6 40. Nxc6 1-0

[Event "Druzynowe Mistrzostwa Polski Juniorow - I Liga 2023"]
[Site "Lublin"]
[Date "1899-12-30"]
[Round "5.33"]
[White "Terkiewicz, Bruno"]
[Black "Zalewski, Witold"]
[Result "1-0"]
[WhiteTitle "I++"]
[BlackTitle "II"]
[WhiteElo "1873"]
[BlackElo "1333"]

1. d4 Nf6 2. c4 g6 3. Nc3 Bg7 4. e4 d6 5. h3 O-O 6. Be3 Nbd7 7. Nf3 e5 8. d5 Qe7
9. g4 a5 10. a3 Nc5 11. Nd2 b6 12. b4 Nb7 13. Bd3 Ne8 14. Rc1 f5 15. gxf5 gxf5
16. exf5 Bxf5 17. Bxf5 Rxf5 18. Rg1 Kh8 19. Nde4 h6 20. Qg4 Rf8 21. Qh5 Nf6 22.
Nxf6 Rxf6 23. Ne4 Rf4 24. Bxf4 exf4 25. f3 axb4 26. axb4 Ra2 27. Rg6 Nd8 28. Kf1
Rh2 29. Kg1 Re2 30. Ra1 Rb2 31. Kh1 Nf7 32. Re6 Qf8 33. Rg1 Rxb4 34. Nf6 Rxc4
35. Re8 Qxe8 36. Nxe8 Bd4 37. Qxf7 1-0

[Event "Druzynowe Mistrzostwa Polski Juniorow - I Liga 2023"]
[Site "Lublin"]
[Date "1899-12-30"]
[Round "5.34"]
[White "Wons, Krystian"]
[Black "Rutkowski, Feliks"]
[Result "1-0"]
[WhiteTitle "I"]
[BlackTitle "II"]
[WhiteElo "1331"]
[BlackElo "1431"]

1. d4 d5 2. c4 e6 3. Nc3 Nf6 4. cxd5 exd5 5. Bg5 Be7 6. Nf3 Nbd7 7. e3 O-O 8. Bd3
Re8 9. O-O c6 10. Qc2 Nf8 11. Rab1 Ne4 12. Bf4 Nd6 13. b4 a6 14. a4 Ng6 15. Ne5
Be6 16. Rfc1 Rc8 17. a5 Nb5 18. Bxg6 hxg6 19. Nxb5 cxb5 20. Qd2 Kf8 21. Rxc8 Qxc8
22. Rc1 Qa8 23. Nd3 Rc8 24. Nc5 Bxc5 25. dxc5 Rc6 26. Bd6+ Kg8 27. Qd4 Qd8 28.
Be5 f6 29. Bg3 Qe7 30. Rd1 Bf7 31. f3 Re6 32. Bd6 Qd7 33. Bg3 Qe7 34. Kf2 Kh7
35. Bd6 Qd7 36. Qf4 Re8 37. g4 g5 38. Qd4 Qe6 39. Rh1 Rh8 40. h4 Kg8 41. h5 g6
42. h6 Kh7 43. f4 gxf4 44. Bxf4 Rg8 45. g5 fxg5 46. Bxg5 Qf5+ 47. Qf4 Qxf4+ 48.
Bxf4 Re8 49. Rd1 Re4 50. Rd4 Rxd4 51. exd4 Be6 52. c6 bxc6 53. Ke3 Bf5 54. Bg5
Be6 55. Kf4 Bd7 56. Ke5 Be8 57. Kd6 c5 58. Kxc5 Bf7 59. Kb6 Be8 60. Kxa6 Bd7 61.
Kb7 Be6 62. a6 Bd7 63. a7 Be8 64. Bf6 Bf7 1-0

[Event "Druzynowe Mistrzostwa Polski Juniorow - I Liga 2023"]
[Site "Lublin"]
[Date "1899-12-30"]
[Round "5.35"]
[White "Lukasik, Zuzanna"]
[Black "Skolska, Emilia"]
[Result "0-1"]
[WhiteTitle "I++"]
[BlackTitle "I++"]
[WhiteElo "1712"]
[BlackElo "1689"]

1. e4 e5 2. Nf3 Nc6 3. d4 exd4 4. Bc4 Bc5 5. c3 Nf6 6. e5 d5 7. Be2 Ne4 8. cxd4
Bb4+ 9. Bd2 Bxd2+ 10. Nbxd2 O-O 11. O-O f6 12. exf6 Qxf6 13. Rc1 Bf5 14. Nb3 Rad8
15. Nc5 Nxc5 16. Rxc5 b6 17. Rc3 Be4 18. Bb5 Bxf3 19. Rxf3 Qd6 20. Rc3 Nb8 21.
Qc2 Rc8 22. Rc1 Qf4 23. Rd1 c6 24. Bd3 h6 25. Bf1 Qd6 26. Qd2 Nd7 27. Rg3 Kh8
28. Qd3 Rf6 29. Rf3 Rxf3 30. Qxf3 Rf8 31. Qd3 Nf6 32. Be2 Ne4 33. Bf3 Qf4 34.
Qe3 Ng5 35. Be2 Qf6 36. Bd3 Ne6 37. Bc2 Nf4 38. Bd3 c5 39. dxc5 d4 40. Qg3 bxc5
41. Rd2 Qe6 42. f3 Qxa2 43. Be4 Qa1+ 44. Kf2 Qc1 45. Rc2 Qe3+ 46. Kf1 d3 47. Qf2
Qxf2+ 48. Rxf2 c4 49. Rd2 Rc8 50. g3 Ne6 51. Rd1 Nd4 52. Kf2 a5 53. Ke3 Nb3 54.
h4 Rc5 55. g4 Kg8 56. f4 Kf7 57. h5 Kf6 58. Bg6 Rb5 59. Rb1 Ke6 60. Be8 Rb7 61.
Ba4 Kd5 62. Bxb3 Rxb3 63. Ra1 Rxb2 64. Rxa5+ Kd6 65. g5 d2 66. Ke2 c3 67. Ra1
Rc2 68. Rd1 Ke6 69. gxh6 gxh6 70. Rg1 Rc1 71. Rg6+ Kf5 72. Rd6 Re1+ 0-1

[Event "Druzynowe Mistrzostwa Polski Juniorow - I Liga 2023"]
[Site "Lublin"]
[Date "1899-12-30"]
[Round "5.36"]
[White "Tokarz, Gabriela"]
[Black "Siekanska, Zofia"]
[Result "1-0"]
[WhiteTitle "I++"]
[BlackTitle "II"]
[WhiteElo "1549"]
[BlackElo "1081"]

1. d4 Nf6 2. c4 g6 3. Nc3 Bg7 4. e4 d6 5. f3 O-O 6. Be3 Nbd7 7. Nh3 e5 8. d5 Nh5
9. g4 Nhf6 10. Qd2 a5 11. Nf2 Ne8 12. h4 f5 13. Bg5 Ndf6 14. O-O-O Qd7 15. gxf5
gxf5 16. Bh3 Qf7 17. Rdg1 Kh8 18. Bh6 Rg8 19. exf5 Qh5 20. Bxg7+ Nxg7 21. Nce4
Nd7 22. Bg4 Qf7 23. Ng5 Qf6 24. Nfe4 Qe7 25. Ne6 Qf7 26. Nxc7 Rb8 27. Nxd6 Qe7
28. Ne4 Nb6 29. d6 Qf7 30. c5 Nd7 31. Qd5 Qxd5 32. Nxd5 h5 33. Bh3 Rf8 34. Rg5
Ra8 35. f6 Ne8 36. Rxh5+ 1-0

[Event "Druzynowe Mistrzostwa Polski Juniorow - I Liga 2023"]
[Site "Lublin"]
[Date "1899-12-30"]
[Round "5.37"]
[White "Borowik, Wojciech"]
[Black "Maciaszek, Karol"]
[Result "1/2-1/2"]
[WhiteTitle "I++"]
[BlackTitle "I"]
[WhiteElo "1823"]
[BlackElo "1731"]

1. d4 Nf6 2. c4 c5 3. d5 b5 4. cxb5 a6 5. bxa6 Bxa6 6. Nc3 g6 7. g3 d6 8. Bg2 Bg7
9. Nf3 Nbd7 10. O-O O-O 11. h3 Qb6 12. Re1 Rfb8 13. Rb1 Ne8 14. Qc2 Nc7 15. e4
Nb5 16. Bd2 Ne5 17. Nxb5 Nxf3+ 18. Bxf3 Bxb5 19. b4 Qa6 20. bxc5 Bd3 21. Rxb8+
Rxb8 22. Qc1 Bb2 23. Qd1 dxc5 24. Bf4 Rb4 25. e5 Bd4 26. d6 e6 27. d7 Rb8 28.
Bg5 Qxa2 29. Be2 Bxe2 30. Qxe2 Qd5 31. d8=Q+ Rxd8 32. Bxd8 Qxd8 33. Kg2 Qd5+ 34.
Qe4 Qa2 35. Re2 Qa1 36. h4 h5 37. Rc2 Kg7 38. Qe2 Qa8+ 39. Qf3 Qa4 40. Qe4 Qb3
41. Re2 Qa3 42. Qf4 Qa8+ 43. Kh2 Qa6 44. Qf6+ Kg8 45. Re4 Qb7 46. Re2 Qa6 47.
Re1 Qa2 48. Kg2 Qa8+ 49. Qf3 Qa2 50. Re2 Qa6 51. g4 hxg4 52. Qxg4 Qa8+ 53. Qe4
Qd8 54. Ra2 Kg7 55. Ra7 Qb8 56. Ra5 Qxe5 57. Qxe5+ Bxe5 58. Rxc5 Bf6 59. Kg3 Be7
60. Rb5 Bd8 61. Rb7 Bf6 62. Kg4 Ba1 63. h5 gxh5+ 64. Kxh5 Bd4 65. f3 Kf6 66. Kh6
e5 67. Rc7 Ke6 68. Rc6+ Kf5 69. Ra6 e4 70. Ra5+ Be5 71. fxe4+ Kxe4 72. Kg5 f6+
73. Kg4 1/2-1/2